000
00331nam a22001457a 4500
020
_a
978-81-8482-197-0
082
_a
823
_b
PAI/A
100
_a
PAI, ANANT
245
_a
ANIRUDDHA
260
_a
MUMBAI
_b
AMAR CHITHA KATHA
300
_a
32
520
_a
ENGLISH SHORT STORIES
650
_a
ENGLISH SHORT STORIES
_z
MUMBAI
942
_c
BK
999
_c
5214
_d
5214